Getting HIP (Record no. 75882)
[ view plain ]
| 000 -LEADER | |
|---|---|
| fixed length control field | 01048cab a2200205 4500 |
| 001 - CONTROL NUMBER | |
| control field | L130919 |
| 008 - FIXED-LENGTH DATA ELEMENTS--GENERAL INFORMATION | |
| fixed length control field | 050919n2005 000 0 eng u |
| 035 ## - SYSTEM CONTROL NUMBER | |
| System control number | (Sirsi) u130919 |
| 041 0# - LANGUAGE CODE | |
| Language code of text/sound track or separate title | eng |
| 100 1# - MAIN ENTRY--PERSONAL NAME | |
| Personal name | Grove, Peter |
| 245 ## - TITLE STATEMENT | |
| Title | Getting HIP |
| 260 ## - PUBLICATION, DISTRIBUTION, ETC. | |
| Date of publication, distribution, etc. | 2005 |
| 490 ## - SERIES STATEMENT | |
| Series statement | House Builder |
| Volume/sequential designation | 64(8) September 2005, 49(1) |
| 520 ## - SUMMARY, ETC. | |
| Summary, etc. | Questions whether Home Information Packs (HIPs) which have to be made available for buyers from early 2007, will be a cost, danger or opportunity to developers. Looks in detail at sales off-plan and part exchange under the HIP regime. HIPs will be required for newly built homes, even for those sold off-plan and part exchange buyers may well have to provide a HIP at the moment their existing homes are offered in part exchange. Developers need to think about these issues now. |
| 590 ## - LOCAL NOTE (RLIN) | |
| Local note | IKA270905 |
| 650 ## - SUBJECT ADDED ENTRY--TOPICAL TERM | |
| Topical term or geographic name entry element | HOUSING ACT 2004 PART V |
| 650 ## - SUBJECT ADDED ENTRY--TOPICAL TERM | |
| Topical term or geographic name entry element | HOUSING ACT 2004 S149 |
| 690 ## - LOCAL SUBJECT ADDED ENTRY--TOPICAL TERM (OCLC, RLIN) | |
| Topical term or geographic name as entry element | PROPERTY-RESIDENTIAL PROPERTY-ACQUISITION AND DISPOSAL OF RESIDENTIAL PROPERTY-HOME BUYING REFORM |
| 942 ## - ADDED ENTRY ELEMENTS (KOHA) | |
| Suppress in OPAC | 0 |
No items available.